<?xml version="1.0" encoding="UTF-8"?>
<collection xmlns="http://www.loc.gov/MARC21/slim">
 <record>
  <leader>05075cam a2200709Ii 4500</leader>
  <controlfield tag="001">000388295</controlfield>
  <controlfield tag="003">OCoLC</controlfield>
  <controlfield tag="005">20170508212109.0</controlfield>
  <controlfield tag="006">m     o  d</controlfield>
  <controlfield tag="007">cr |n|||||||||</controlfield>
  <controlfield tag="008">160308t20162016ii a    ob    001 0 eng d</controlfield>
  <datafield tag="STA" ind1=" " ind2=" ">
   <subfield code="a">NEZPRACOVANÝ IMPORT</subfield>
  </datafield>
  <datafield tag="020" ind1=" " ind2=" ">
   <subfield code="a">9789351503170</subfield>
   <subfield code="q">(electronic book)</subfield>
  </datafield>
  <datafield tag="020" ind1=" " ind2=" ">
   <subfield code="a">9351503178</subfield>
   <subfield code="q">(electronic book)</subfield>
  </datafield>
  <datafield tag="020" ind1=" " ind2=" ">
   <subfield code="z">9789351503163</subfield>
   <subfield code="q">(hardcover)</subfield>
  </datafield>
  <datafield tag="020" ind1=" " ind2=" ">
   <subfield code="z">935150316X</subfield>
   <subfield code="q">(hardcover)</subfield>
  </datafield>
  <datafield tag="035" ind1=" " ind2=" ">
   <subfield code="a">(OCoLC)944157890</subfield>
  </datafield>
  <datafield tag="050" ind1=" " ind2="4">
   <subfield code="a">HF5415.1255</subfield>
   <subfield code="b">.F88 2016eb</subfield>
  </datafield>
  <datafield tag="072" ind1=" " ind2="7">
   <subfield code="a">BUS</subfield>
   <subfield code="x">082000</subfield>
   <subfield code="2">bisacsh</subfield>
  </datafield>
  <datafield tag="072" ind1=" " ind2="7">
   <subfield code="a">BUS</subfield>
   <subfield code="x">041000</subfield>
   <subfield code="2">bisacsh</subfield>
  </datafield>
  <datafield tag="072" ind1=" " ind2="7">
   <subfield code="a">BUS</subfield>
   <subfield code="x">042000</subfield>
   <subfield code="2">bisacsh</subfield>
  </datafield>
  <datafield tag="072" ind1=" " ind2="7">
   <subfield code="a">BUS</subfield>
   <subfield code="x">085000</subfield>
   <subfield code="2">bisacsh</subfield>
  </datafield>
  <datafield tag="082" ind1="0" ind2="4">
   <subfield code="a">658.8/27</subfield>
   <subfield code="2">23</subfield>
  </datafield>
  <datafield tag="245" ind1="0" ind2="4">
   <subfield code="a">The future of branding /</subfield>
   <subfield code="c">edited by Rajendra K. Srivastava, Gregory Metz Thomas.</subfield>
  </datafield>
  <datafield tag="264" ind1=" " ind2="1">
   <subfield code="a">New Delhi, India ;</subfield>
   <subfield code="a">Thousand Oaks, California :</subfield>
   <subfield code="b">SAGE Publications,</subfield>
   <subfield code="c">2016.</subfield>
  </datafield>
  <datafield tag="264" ind1=" " ind2="4">
   <subfield code="c">©2016</subfield>
  </datafield>
  <datafield tag="300" ind1=" " ind2=" ">
   <subfield code="a">1 online resource (xviii, 468 pages) :</subfield>
   <subfield code="b">illustrations</subfield>
  </datafield>
  <datafield tag="336" ind1=" " ind2=" ">
   <subfield code="a">text</subfield>
   <subfield code="b">txt</subfield>
   <subfield code="2">rdacontent</subfield>
  </datafield>
  <datafield tag="337" ind1=" " ind2=" ">
   <subfield code="a">computer</subfield>
   <subfield code="b">c</subfield>
   <subfield code="2">rdamedia</subfield>
  </datafield>
  <datafield tag="338" ind1=" " ind2=" ">
   <subfield code="a">online resource</subfield>
   <subfield code="b">cr</subfield>
   <subfield code="2">rdacarrier</subfield>
  </datafield>
  <datafield tag="504" ind1=" " ind2=" ">
   <subfield code="a">Includes bibliographic references and index.</subfield>
  </datafield>
  <datafield tag="505" ind1="0" ind2=" ">
   <subfield code="a">Section I. Brand strategy. Selecting the brand architecture to match your strategy / Jean-Noël Kapferer -- A strategic approach to grow profits : defining, measuring, and maximizing customer value / V. Kumar and Bharath Rajan -- Branding in retail / Lluis Martinez-Ribes -- Section II. Brand building. Brand identity : brand naming process and brand linguistics in the international context / Bernd Schmitt and Shi Zhang -- The six-station model of corporate identity : developing and assessing the model / Jean Yannis Suvatjis and Leslie de Chernatony -- Brand development processes and planning / Kevin Lane Keller -- Managing the brand experience / Bernd Schmitt -- Rethinking brand development in an interactive marketplace / Don E. Schultz -- Luxury brands / Vanessa M. Patrick and Henrik Hagtvedt -- The dynamics of brand trust / Gregory M. Thomas -- Section III. Leveraging brands. Branding and emerging markets / Martin Roll -- Opportunities and risks in co-branding and licensing / Jeffrey Parkhurst -- Brand revitalization / Kevin Lane Keller -- Brand identity strategy for mergers and acquisitions / Srinivas Reddy and Anupam Jaju -- Section IV. Brand performance management. The great debate : managing brands versus managing customers / Werner Reinartz -- Brand imperative : protecting your most valuable assets / Jeffery Andrien, Paul Benoit, and Philip C. Zerrillo -- Hidden value of brands : brands in mergers and acquisitions / S. Cem Bahadir -- Role of brands in managing innovation / Rajendra Srivastava.</subfield>
  </datafield>
  <datafield tag="520" ind1=" " ind2=" ">
   <subfield code="a">&quot;New ideas change the world. From social movements to scientific discovery the power of an idea is to reshape the world, who we are, and how we live. Changes in the increasingly dynamic competitive environment require a focus on what should be done, not just what is currently done. The inspiration for this book is to provide an outlet for cogent ideas that will help managers build and maintain brands in the future marketplace. Written by the leading minds management from around the globe who are redefining best practices in managing brands, It examines the future of branding on key concepts including brand performance management, brand strategy, brand building, revitalizing brands, brand valuation, brand analysis, brand protection, and brand experience&quot;--Provided by publisher.</subfield>
  </datafield>
  <datafield tag="588" ind1="0" ind2=" ">
   <subfield code="a">Print version record.</subfield>
  </datafield>
  <datafield tag="590" ind1=" " ind2=" ">
   <subfield code="a">eBooks on EBSCOhost</subfield>
   <subfield code="b">EBSCO PDA eBooks</subfield>
  </datafield>
  <datafield tag="650" ind1=" " ind2="0">
   <subfield code="a">Branding (Marketing)</subfield>
  </datafield>
  <datafield tag="650" ind1=" " ind2="0">
   <subfield code="a">Strategic planning.</subfield>
  </datafield>
  <datafield tag="650" ind1=" " ind2="7">
   <subfield code="a">BUSINESS &amp; ECONOMICS / Industrial Management</subfield>
   <subfield code="2">bisacsh</subfield>
  </datafield>
  <datafield tag="650" ind1=" " ind2="7">
   <subfield code="a">BUSINESS &amp; ECONOMICS / Management</subfield>
   <subfield code="2">bisacsh</subfield>
  </datafield>
  <datafield tag="650" ind1=" " ind2="7">
   <subfield code="a">BUSINESS &amp; ECONOMICS / Management Science</subfield>
   <subfield code="2">bisacsh</subfield>
  </datafield>
  <datafield tag="650" ind1=" " ind2="7">
   <subfield code="a">BUSINESS &amp; ECONOMICS / Organizational Behavior</subfield>
   <subfield code="2">bisacsh</subfield>
  </datafield>
  <datafield tag="650" ind1=" " ind2="7">
   <subfield code="a">Branding (Marketing)</subfield>
   <subfield code="2">fast</subfield>
   <subfield code="0">(OCoLC)fst01743755</subfield>
  </datafield>
  <datafield tag="650" ind1=" " ind2="7">
   <subfield code="a">Strategic planning.</subfield>
   <subfield code="2">fast</subfield>
   <subfield code="0">(OCoLC)fst01134371</subfield>
  </datafield>
  <datafield tag="655" ind1=" " ind2="7">
   <subfield code="a">elektronické knihy</subfield>
   <subfield code="7">fd186907</subfield>
   <subfield code="2">czenas</subfield>
  </datafield>
  <datafield tag="655" ind1=" " ind2="9">
   <subfield code="a">electronic books</subfield>
   <subfield code="2">eczenas</subfield>
  </datafield>
  <datafield tag="700" ind1="1" ind2=" ">
   <subfield code="a">Srivastava, Rajendra K.,</subfield>
   <subfield code="e">editor.</subfield>
  </datafield>
  <datafield tag="700" ind1="1" ind2=" ">
   <subfield code="a">Thomas, Gregory Metz,</subfield>
   <subfield code="e">editor.</subfield>
  </datafield>
  <datafield tag="776" ind1="0" ind2="8">
   <subfield code="i">Print version:</subfield>
   <subfield code="t">Future of branding.</subfield>
   <subfield code="d">New Delhi, India ; Thousand Oaks, California : SAGE Publications, [2016]</subfield>
   <subfield code="z">9789351503163</subfield>
   <subfield code="w">(DLC)  2015033678</subfield>
   <subfield code="w">(OCoLC)920680511</subfield>
  </datafield>
  <datafield tag="856" ind1="4" ind2="0">
   <subfield code="u">https://zdroje.vse.cz/login?url=http://search.ebscohost.com/login.aspx?direct=true&amp;scope=site&amp;db=nlebk&amp;AN=1194707</subfield>
   <subfield code="y">Plný text</subfield>
  </datafield>
  <datafield tag="856" ind1="4" ind2="2">
   <subfield code="u">https://knihovna.vse.cz/e-zdroje/elektronicke-knihy/#ebsco</subfield>
   <subfield code="y">Informace o práci s e-knihami</subfield>
  </datafield>
  <datafield tag="BAS" ind1=" " ind2=" ">
   <subfield code="a">EBSCO</subfield>
  </datafield>
  <datafield tag="BAS" ind1=" " ind2=" ">
   <subfield code="a">EB</subfield>
  </datafield>
  <datafield tag="993" ind1=" " ind2=" ">
   <subfield code="x">NEPOSILAT</subfield>
   <subfield code="y">EB</subfield>
  </datafield>
  <datafield tag="029" ind1="1" ind2=" ">
   <subfield code="a">DEBSZ</subfield>
   <subfield code="b">480365784</subfield>
  </datafield>
  <datafield tag="049" ind1=" " ind2=" ">
   <subfield code="a">MAIN</subfield>
  </datafield>
  <datafield tag="938" ind1=" " ind2=" ">
   <subfield code="a">YBP Library Services</subfield>
   <subfield code="b">YANK</subfield>
   <subfield code="n">12876370</subfield>
  </datafield>
  <datafield tag="938" ind1=" " ind2=" ">
   <subfield code="a">EBSCOhost</subfield>
   <subfield code="b">EBSC</subfield>
   <subfield code="n">1194707</subfield>
  </datafield>
  <datafield tag="938" ind1=" " ind2=" ">
   <subfield code="a">Coutts Information Services</subfield>
   <subfield code="b">COUT</subfield>
   <subfield code="n">34122965</subfield>
  </datafield>
  <datafield tag="938" ind1=" " ind2=" ">
   <subfield code="a">Ingram Digital eBook Collection</subfield>
   <subfield code="b">IDEB</subfield>
   <subfield code="n">cis34122965</subfield>
  </datafield>
  <datafield tag="994" ind1=" " ind2=" ">
   <subfield code="a">92</subfield>
   <subfield code="b">E2U</subfield>
  </datafield>
 </record>
</collection>
